000 00799nam a2200205Ia 4500
005 20241129111338.0
008 241129s9999||||xx |||||||||||||| ||und||
037 _aTB
040 _aCRL
_bpun
_cCRL
041 _apun
_2pun
084 _aO153,3:g P7
_qCRL
100 _aਬੇਦੀ, ਹਰਚੰਦ ਸਿੰਘ, ਚ।
245 0 _aਪਰਵਾਸੀ ਸਾਹਿਤ ਦਾ ਸਭਿਆਚਾਰਕ ਪ੍ਰਸੰਗ
_cਬੇਦੀ, ਹਰਚੰਦ ਸਿੰਘ, ਚ।
260 _aਅੰਮ੍ਰਿਤਸਰ, ਭਾਰਤ
_bਅੰਮ੍ਰਿਤਸਰ ਗੁਰੂ ਨਾਨਕ ਦੇਵ ਯੂਨੀਵਰਸਿਟੀ
_c2007
300 _a264ਪ੍ਰ0
365 _aINR
_b650
650 _aPunjabi LiteratureFiction
942 _cTB
_hO153,3:g P7
999 _c1230025
_d1230025